000 00530nam a22001457a 4500
005 20250905150635.0
008 250905b |||||||| |||| 00| 0 eng d
050 _aTHE RC 226 .O53 2020
_bC. 1
100 _aOKERI, ONDARACALEB
245 _aASSESSMENT OF FACTORS ASSOCIATED WITH GASTROINTESTINAL PROTOZOAN INFECTIONS IN CHILDREN AGED BETWEEN 6 AND 59 MONTHS WIT DIARRHEA IN KISII TEACHING AND REFERRAL HOSPITAL, KENYA
260 _aKISII
_bKSU
_c2020
300 _aXVI, 82P.
500 _aINCLUDES REFERENCES
942 _2lcc
_cREF
999 _c216072
_d216072